| 000 | 00828cab a22002055a 4500 | ||
|---|---|---|---|
| 001 | L140035 | ||
| 008 | 070830e20070825xxk f l 000 0 eng d | ||
| 035 | _a(Sirsi) u140035 | ||
| 041 | 0 | _aeng | |
| 100 | 1 | _aHeighton, Mark | |
| 245 | 0 | 0 | _aNegotiating terms is risky |
| 260 | _c2007 | ||
| 490 | 0 |
_aEstates Gazette _v(0734) 25 August 2007, 78-80(2) |
|
| 520 | _aReports that damange caused by an uninsured risk has historically been the tenant's responsibility, but it is now more common for the risk to be shared. Identifies the likely uninsured risks and how the risk can be shared. | ||
| 590 | _aka | ||
| 650 | 2 | 4 | _aCODE FOR LEASING BUSINESS PREMISES IN ENGLAND AND WALES 2007 |
| 651 | 4 |
_aEngland and Wales _y1543- |
|
| 690 | _aPROPERTY-COMMERCIAL PROPERTY-COMMERCIAL LANDLORD AND TENANT-COMMERCIAL LEASES | ||
| 942 | _n0 | ||
| 999 |
_c79163 _d79163 |
||